Trasfondo constitucional de Puerto Rico / (Record no. 12282)
[ view plain ]
| 000 -CABECERA | |
|---|---|
| campo de control de longitud fija | 00893cam a2200253 a 4500 |
| 001 - NÚMERO DE CONTROL | |
| campo de control | 000012629 |
| 005 - FECHA Y HORA DE LA ÚLTIMA TRANSACCIÓN | |
| campo de control | 20200929163041.0 |
| 008 - DATOS DE LONGITUD FIJA--INFORMACIÓN GENERAL | |
| campo de control de longitud fija | 800313s1971 pr b s000 0 spa |
| 040 ## - FUENTE DE LA CATALOGACIÓN | |
| Centro catalogador/agencia de origen | DO-SdBNP |
| Lengua de catalogación | spa |
| Centro/agencia transcriptor | DLC |
| Centro/agencia modificador | BNPHU |
| 082 ## - NÚMERO DE LA CLASIFICACIÓN DECIMAL DEWEY | |
| Número de clasificación | 342.7295 |
| Número de documento/Ítem | B749t, 1971 |
| 049 ## - FONDOS LOCALES (OCLC) | |
| Fondos de biblioteca | BNGR |
| 100 1# - ENTRADA PRINCIPAL--NOMBRE DE PERSONA | |
| Nombre de persona | Bothwell, Reece B., |
| Fechas asociadas al nombre | 1911- |
| 9 (RLIN) | 29386 |
| 245 10 - MENCIÓN DE TÍTULO | |
| Título | Trasfondo constitucional de Puerto Rico / |
| Mención de responsabilidad, etc. | Reece B. Bothwell. |
| 250 ## - MENCIÓN DE EDICIÓN | |
| Mención de edición | 3a. ed. |
| 260 ## - PUBLICACIÓN, DISTRIBUCIÓN, ETC. | |
| Lugar de publicación, distribución, etc. | España : |
| Nombre del editor, distribuidor, etc. | Universitaria : |
| -- | Universidad de Puerto Rico, |
| Fecha de publicación, distribución, etc. | 1971-. |
| 300 ## - DESCRIPCIÓN FÍSICA | |
| Extensión | v. ; |
| Dimensiones | 21 cm. |
| 504 ## - NOTA DE BIBLIOGRAFÍA, ETC. | |
| Nota de bibliografía, etc. | Incluye referencias bibliográficas. |
| 504 ## - NOTA DE BIBLIOGRAFÍA, ETC. | |
| Nota de bibliografía, etc. | La biblioteca posee la 1ra parte |
| 505 1# - NOTA DE CONTENIDO CON FORMATO | |
| Nota de contenido con formato | pt. 1. 1887-1914. |
| 650 #4 - PUNTO DE ACCESO ADICIONAL DE MATERIA--TÉRMINO DE MATERIA | |
| Término de materia o nombre geográfico como elemento de entrada | Historia constitucional |
| Subdivisión geográfica | Puerto Rico |
| 9 (RLIN) | 29387 |
| 651 #4 - PUNTO DE ACCESO ADICIONAL DE MATERIA--NOMBRE GEOGRÁFICO | |
| Nombre geográfico | Puerto Rico |
| Subdivisión general | Política Y Gobierno |
| 9 (RLIN) | 12599 |
| 651 #4 - PUNTO DE ACCESO ADICIONAL DE MATERIA--NOMBRE GEOGRÁFICO | |
| Nombre geográfico | Puerto Rico |
| Subdivisión general | Relaciones Exteriores |
| Subdivisión geográfica | Estados Unidos |
| 9 (RLIN) | 29388 |
| 910 ## - DATOS DE OPCIÓN DEL USUARIO (OCLC) | |
| Datos de opción del usuario | Catalogación por copia / LC |
| Estado de retiro | Estado de pérdida | Restricciones de uso | No para préstamo | Código de colección | Localización permanente | Ubicación/localización actual | Ubicación en estantería | Fecha de adquisición | Número de inventario | Total de préstamos | Signatura topográfica completa | Código de barras | Fecha visto por última vez | Precio válido a partir de | Tipo de ítem Koha |
|---|---|---|---|---|---|---|---|---|---|---|---|---|---|---|---|
| Préstamo interno | Monografías: Libros y Folletos | General | General | En catalogación | 13.11.2009 | LF1 | 342.7295 B749t, 1971 | 12629-10 | 25.06.2020 | 25.06.2020 | Préstamo interno |
